提摩太前書 Timotai qian shu : (Record no. 28651)
[ view plain ]
| 000 -LEADER | |
|---|---|
| fixed length control field | 00923nam a2200253 4500 |
| 005 - DATE AND TIME OF LATEST TRANSACTION | |
| control field | 20140819134145.0 |
| 008 - FIXED-LENGTH DATA ELEMENTS--GENERAL INFORMATION | |
| fixed length control field | 070221s2004 -hk chi |
| 020 ## - INTERNATIONAL STANDARD BOOK NUMBER | |
| International Standard Book Number | 9889760703 : |
| Terms of availability | HK28/23.80 |
| 020 ## - INTERNATIONAL STANDARD BOOK NUMBER | |
| International Standard Book Number | 9789889760700 |
| 090 ## - LOCALLY ASSIGNED LC-TYPE CALL NUMBER (OCLC); LOCAL CALL NUMBER (OCLC) | |
| Classification number (OCLC) (R) ; Classification number, CALL (RLIN) (NR) | BS498.C5 |
| Local cutter number (OCLC) ; Book number/undivided call number, CALL (RLIN) | M66 |
| -- | ITimw |
| 100 1# - MAIN ENTRY--PERSONAL NAME | |
| Personal name | 孔祥康 Hung, Thomas |
| 245 10 - TITLE STATEMENT | |
| Title | 提摩太前書 Timotai qian shu : |
| Remainder of title | 神的真道乃牧會之本(研習本) shen de zhen dao nai mu hui zhi ben (yan xi ben) = = 1 Timothy : workbook {ch} / |
| Statement of responsibility, etc | 孔祥康 Thomas Hung. |
| 260 ## - PUBLICATION, DISTRIBUTION, ETC. (IMPRINT) | |
| Place of publication, distribution, etc | Hong Kong : |
| Name of publisher, distributor, etc | Ming Dao Press Ltd., |
| Date of publication, distribution, etc | 2004. |
| 300 ## - PHYSICAL DESCRIPTION | |
| Extent | xiv, 90 p. ; |
| Dimensions | 23 cm. |
| 336 ## - CONTENT TYPE | |
| Source | rdacontent |
| 337 ## - MEDIA TYPE | |
| Source | rdamedia |
| 338 ## - CARRIER TYPE | |
| Source | rdacarrier |
| 490 1# - SERIES STATEMENT | |
| Series statement | Ming dao yan xi ben = Ming Dao commentary series; |
| Volume number/sequential designation | 54 |
| 504 ## - BIBLIOGRAPHY, ETC. NOTE | |
| Bibliography, etc | Includes bibliographical references. |
| 630 04 - SUBJECT ADDED ENTRY--UNIFORM TITLE | |
| Uniform title | Bible. |
| General subdivision | Commentaries {ch}. |
| Name of part/section of a work | Timothy, 1st |
| 951 ## - EQUIVALENCE OR CROSS-REFERENCE-GEOGRAPHIC NAME/AREA NAME [OBSOLETE] [CAN/MARC only] | |
| General subdivision | 00034547 |
| 740 ## - ADDED ENTRY--UNCONTROLLED RELATED/ANALYTICAL TITLE | |
| Uncontrolled related/analytical title | 1 Timothy workbook |
| 942 ## - ADDED ENTRY ELEMENTS (KOHA) | |
| Source of classification or shelving scheme | Library of Congress Classification |
| Item type | Books |
| Withdrawn status | Lost status | Source of classification or shelving scheme | Damaged status | Not for loan | Home library | Current library | Shelving location | Date acquired | Serial Enumeration / chronology | Inventory number | Shelving control number | Total Checkouts | Full call number | Barcode | Date last seen | Price effective from | Koha item type | Source of acquisition |
|---|---|---|---|---|---|---|---|---|---|---|---|---|---|---|---|---|---|---|
| Library of Congress Classification | BSOP Library | BSOP Library | Reference Chinese | 12/21/2000 | LIV | C-8332 | 127 | BS498.C5 M66 ITimw | 00034547 | 02/23/2013 | 02/23/2013 | Books | ||||||
| Library of Congress Classification | BSOP Library | BSOP Library | Chinese Books (General Circulation) | 08/19/2014 | LIV | C-12142 | BS498.C5 M66 ITimw | 00044542 | 08/19/2014 | 08/19/2014 | Books |
